=LDR 00000nam 2200000 4500 =001 INLIS000000001054196 =005 20251120081621 =035 ##$$a 0010-1125000074 =007 ta =008 251120################g##########0#ind## =020 ##$$a 979-24-8055-2 =082 ##$$a 899.221 3 =084 ##$$a 899.221 3 AGN f =100 #$$a Agnes Jessica =245 1#$$a Firdaus mimpi /$c Agnes Jessica =250 ##$$a cetakan pertama =260 ##$$a Jakarta :$b Vania Books =300 ##$$a 447 halaman ; $c 13 x 18 cm. =600 #4$$a Fiksi Indonesia =990 ##$$a 10941094